| АИС "Историко-культурное наследие Беларуси" | ||
| Базовый | Расширенный | Профессиональный | Словарь персоналий | Тематический словарь | По видам объектов | История запросов Заказы | Регистрация | |
Запись в MARC-формате
| копировать MARC-запись |
=LDR 00000nx\\c2200241\\\45\\
=001 BY-NLB-ar90577
=005 20160330095645.2
=100 \\$a20001231arusy50\\\\\\ca0
=152 \\$apsbo
=160 \\$ae-bw
=215 \\$aКочановичи, деревня (Пинский район)
=300 1\$aИзвестна с 16 в. С 1793 г. в составе Российской империи. С 1796 г. в Пинском уезде Минской губернии. В 1921–1939 гг. в составе Польши, деревня в Лемешевичской гмине Пинского повета Полесского воеводства. С 1939 г. в БССР, деревня в Пинском повете Пинской области, с 1940 г. в Пинском районе.
=356 \\$aНаходится в Каллауровичском сельсовете Пинского района Брестской области, на правом берегу р. Припять.
=515 \\$5w$3BY-NLB-ar90578$aКачановічы, вёска (Пінскі раён)
=801 \2$aBY$bBY-HM0000$c20090901
=801 \2$aBY$bBY-HM0000$c20070125
=801 \0$aBY$bBY-HM0000$c20001231
=801 \1$aBY$bBY-HM0000$c20040804
=810 \\$aГарады і вёскі Беларусі : энцыклапедыя. Т. 4. Брэсцкая вобласць, кн. 2. — Мінск, 2007.
=810 \\$aНазвы населеных пунктаў Рэспублікі Беларусь : Брэсцкая вобласць : нарматыўны даведнік. — Мінск, 2006.
=856 4\$uhttp://ate.nca.by/$zБД "Единый реестр административно-территориальных и территориальных единиц Республики Беларусь".$zДанные по состоянию на 28.05.2014.
=999 \\$g40$t20090901
=999 \\$g40$t20070125
Чтобы вернуться назад, щелкните кнопку BACK на Вашем браузере